| 000 | 00000nas##2200000za#4500 |
| 001 | 9.505745 |
| 003 | CaOODSP |
| 005 | 20200331211654 |
| 007 | cr ||||||||||| |
| 008 | 150406c1995||||xxc|| p o||||f| |0eng|d |
| 040 | |aCaOODSP|beng |
| 043 | |an-cn--- |
| 086 | 1 |aEn151-4E-PDF |
| 110 | 1 |aCanada. |bEnvironment Canada. |bQuebec Region. |
| 245 | 10|aSt. Lawrence Plan for a Sustainable Development - biennial report / |h[electronic resource]|c[Issued by] Coordination Office of St. Lawrence Plan. |
| 260 | |aQuébec - Quebec : |bEnvironment Canada. |
| 310 | |aBiennial |
| 362 | 1 |a[2005/2007]-- |
| 500 | |aNot published in 2003-2005? |
| 690 | 07|aSustainable development|2gcpds |
| 690 | 07|aWater management|2gcpds |
| 775 | 08|tPlan Saint-Laurent pour un développement durable - rapport biennal / |w(CaOODSP)9.502150 |
| 780 | 00|tSt. Lawrence Vision 2000 - biennial report / |w(CaOODSP)9.507932 |